Archaeology under fire : nationalism, politics and heritage in the eastern Mediterranean and Middle East

Αποθηκεύτηκε σε:
Λεπτομέρειες βιβλιογραφικής εγγραφής
Άλλοι συγγραφείς: Meskell, Lynn (Επιμελητής έκδοσης)
Μορφή: Βιβλίο
Γλώσσα:English
Δημοσίευση: London ; New York : Routledge, 1998
Θέματα:
Ετικέτες: Προσθήκη ετικέτας
Δεν υπάρχουν, Καταχωρήστε ετικέτα πρώτοι!

MARC

LEADER 00000nam a2200000 i 4500
001 1/30801
008 060606s1998 eng d
020 |a 0-415-19655-8 (pbk.) 
035 |l 10084242 
040 |a GR-MY-UA  |b gre  |e aacr 
041 0 |a eng 
082 0 |a 930.1  |2 (22) 
245 1 0 |a Archaeology under fire :  |b nationalism, politics and heritage in the eastern Mediterranean and Middle East /  |c edited by Lynn Meskell 
260 |a London ; New York :   |b Routledge,   |c 1998 
300 |a x, 251 σ.;  |b εικ., χάρτ.;  |c 24 εκ. 
504 |a Περιέχει βιβλιογραφία και ευρετήριο 
650 0 0 |a Archaeology  |x Political aspects  |z Middle East. 
650 0 0 |a Archaeology  |x Political aspects  |z Mediterranean Region. 
650 0 0 |a Nationalism  |z Middle East. 
650 0 0 |a Nationalism  |z Mediterranean Region. 
651 0 |a Middle East  |x Antiquities. 
651 0 |a Mediterranean Region  |x Antiquities. 
700 0 |a Meskell, Lynn.  |4 edt 
852 |a INST  |b LESVOS  |e 20060606  |h 930.1 ARC  |p 005100036056  |q 005100036056  |t BK  |y 0 
901 |a BIBL1-2006-2 
909 |a Λ  |b 128594 
920 |a ΕΠΕΑΕΚ ΚΟΙΝΩΝΙΚΗΣ ΑΝΘΡΩΠΟΛΟΓΙΑΣ ΚΑΙ ΙΣΤΟΡΙΑΣ  |y ΛΕΣΒΟΣ  |z 2006-05 
970 |a ΚΑΡΑ  |b ΓΙΑΣΕΜΗ  |z 2006/06/06